000 00357nam a2200133Ia 4500
008 240624s9999 xx 000 0 und d
041 _aeng
082 _a302.35 ORT
100 _aORTENBLAD ANDERS
245 _aHANDBOOK OF RESEARCH ON THE LEARNING ORG
260 _c2015
_aUnited Kingdom
_bEdward Elgar
300 _axiv, 411 p.; 23 cm.
365 _cBPS
_b33
999 _c32270
_d32270